Propuesta preliminares de ordenamiento ambiental para el desarrollo turístico del casco urbano del municipio La Conquista, departamento de Carazo
Desarrollo de propuesta preliminar analizando integralmente el casco urbano del municipio de La Conquista, departamento de Carazo, se define un marco conceptual y metodológico, se realiza caracterización detallada del sitio, se identifican las potenciales paisajísticas, se sintetiza y se evalúa...
| Main Authors: | , |
|---|---|
| Other Authors: | |
| Format: | Tesis Section = Libro |
| Language: | Undetermined Spanish |
| Published: |
Managua
UNI
2013
|
| Subjects: |
| LEADER | 01244nam a2200241Ia 4500 | ||
|---|---|---|---|
| 008 | 240830s9999 xx 000 0 und d | ||
| 040 | |a BIBLIOTECA-RUSB/ T.Mon 338.4791 A694 | ||
| 041 | |a spa | ||
| 082 | |a T.Mon 338.4791 A694 | ||
| 100 | 1 | |a Agüero Mejía, Swarling Esmeralda | |
| 100 | 1 | |b Rosales Hernández, Griselda Isabel | |
| 245 | 1 | 0 | |a Propuesta preliminares de ordenamiento ambiental para el desarrollo turístico del casco urbano del municipio La Conquista, departamento de Carazo |
| 260 | |a Managua |b UNI |c 2013 | ||
| 300 | |a 139 p. :il. | ||
| 502 | |a Tesis (Arquitecto) - UNI, 2013. | ||
| 520 | 3 | |a Desarrollo de propuesta preliminar analizando integralmente el casco urbano del municipio de La Conquista, departamento de Carazo, se define un marco conceptual y metodológico, se realiza caracterización detallada del sitio, se identifican las potenciales paisajísticas, se sintetiza y se evalúa con el fin de proponer programas y proyectos. | |
| 650 | 7 | |a TURISMO - TURISMO ECOLÓGICO - NICARAGUA | |
| 650 | 7 | |b MEDIO AMBIENTE - REORDENAMIENTO TERRITORIAL | |
| 650 | 7 | |c DESARROLLO SOSTENIBLE - PROYECTOS MUNICIPALES | |
| 700 | 1 | |a Tutor: |b Gómez Ortega, Graciela Dionides | |
| 942 | |c BK |2 ddc | ||
| 991 | |a TESIS | ||
| 999 | |c 21728 | ||